000
00304nam a22001337a 4500
005
20230818113408.0
008
230818b |||||||| |||| 00| 0 eng d
040
_a
Loreto college
041
_a
English
082
_a
396
_b
AND
245
_a
A glossary of feminist theory
850
_a
LCLIB
942
_c
BK
999
_c
43519
_d
93998